书目信息 |
| 题名: |
爵士鼓演奏基础教程
|
|
| 作者: | 何谓佳 主编 | |
| 分册: | ||
| 出版信息: | 北京 同心出版社 2006 |
|
| 页数: | 194页 | |
| 开本: | 28cm | |
| 丛书名: | 音乐丛书 | |
| 单 册: | ||
| 中图分类: | J625.96 | |
| 科图分类: | ||
| 主题词: | 爵士鼓 , 奏法 , 爵士鼓--奏法--教材 | |
| 电子资源: | ||
| ISBN: | 7-80716-128-0 | |
| 000 | 00939oam2 2200277 450 | |
| 001 | 003246973 | |
| 005 | 20070805093730.43 | |
| 010 | @a7-80716-128-0@dCNY22.00(含2光盘) | |
| 100 | @a20060104d2006 em y0chiy0110 ea | |
| 101 | 0 | @achi |
| 102 | @aCN@b110000 | |
| 105 | @aag z 000yy | |
| 200 | 1 | @a爵士鼓演奏基础教程@9jue shi gu yan zou ji chu jiao cheng@f何谓佳主编 |
| 210 | @a北京@c同心出版社@d2006 | |
| 215 | @a194页@c照片,图@d28cm | |
| 225 | 2 | @a音乐丛书 |
| 307 | @a未见光盘 | |
| 330 | @a本书分入门篇、基础篇、实战篇,包括:爵士鼓基本知识及基础乐理、基本演奏方法、基本功入门练习、运用踩镲演奏初级摇滚节奏、运用吊镲演奏初级摇滚节奏、双跳与复合跳的练习及应用、小鼓在八分音符前半拍的节奏等内容。 | |
| 461 | 0 | @12001 @a音乐丛书 |
| 606 | 0 | @a爵士鼓 |
| 606 | 0 | @a奏法 |
| 606 | 0 | @a爵士鼓@x奏法@j教材 |
| 690 | @aJ625.96@v4 | |
| 701 | 0 | @a何谓佳@9he wei jia@4主编 |
| 801 | 0 | @aCN@bNLC@c20070805 |
| 905 | @a10447@dJ625.96@e189 | |
| 爵士鼓演奏基础教程/何谓佳主编.-北京:同心出版社,2006 |
| 194页:照片,图;28cm.-(音乐丛书) |
| ISBN 7-80716-128-0:CNY22.00(含2光盘) |
| 本书分入门篇、基础篇、实战篇,包括:爵士鼓基本知识及基础乐理、基本演奏方法、基本功入门练习、运用踩镲演奏初级摇滚节奏、运用吊镲演奏初级摇滚节奏、双跳与复合跳的练习及应用、小鼓在八分音符前半拍的节奏等内容。 |
| ● |
| 相关链接 |
|
|
|
|
正题名:爵士鼓演奏基础教程
索取号:J625.96/189
 
预约/预借
| 序号 | 登录号 | 条形码 | 馆藏地/架位号 | 状态 | 备注 |
| 1 | 0808085 | 208080850 | 第一样本阅览室/ [索取号:J625.96/189] | 在馆 | |
| 2 | 0808086 | 208080869 | 第一借阅区/ [索取号:J625.96/189] | 在馆 | |
| 3 | 0808087 | 208080878 | 第一借阅区/ [索取号:J625.96/189] | 在馆 | |
| 4 | 0808088 | 208080887 | 第一借阅区/ [索取号:J625.96/189] | 在馆 | |
| 5 | 0808089 | 208080896 | 第一借阅区/ [索取号:J625.96/189] | 在馆 | |
| 6 | 0808090 | 208080903 | 第一借阅区/ [索取号:J625.96/189] | 在馆 | |
| 7 | 0808091 | 208080912 | 第一借阅区/ [索取号:J625.96/189] | 在馆 | |
| 8 | 0808092 | 208080921 | 密集书库-音乐系/ [索取号:J625.96/189] | 在馆 | |
| 9 | 0808093 | 208080930 | 密集书库-音乐系/ [索取号:J625.96/189] | 在馆 | |
| 10 | 0808094 | 208080949 | 密集书库-音乐系/ [索取号:J625.96/189] | 在馆 |